000 00960nam a22001937a 4500
003 LK-CoMWRAF
005 20231220105706.0
008 231220b |||||||| |||| 00| 0 eng d
020 _a9551306007
040 _aLK-CoMWRAF
_dLK-CoMWRAF
_eLK-CoMWRAF
041 _asin
082 _a303.48
_bRAN
100 _aරන්ජනී, සීතා
245 _aසුනාමි වනදඹුවෝ :
_bඅම්පාර දිස්ත්‍රික්කය (සමාජ, ආර් ථික හා අනාගත අභියෝගවල පැතිකඩක්)
246 _aSunami wandambuwo : ampara disthrikkaya (samaja, arthika ha anagatha abhiyogawala pathikadak)
260 _aකොළඹ :
_bසියලු ආකාරයේ වෙනස් කොට සැලකීමට හා වර්ගවාදයට එරෙහි ජාත්‍යන්තර ව්‍යාපාරය
_c2005
650 _aසුනාමි
942 _cBK
999 _c4535
_d4535